Normal view
MARC view
Entry Topical Term
001 - CONTROL NUMBER
- control field: 26913
003 - CONTROL NUMBER IDENTIFIER
- control field: OSt
005 - DATE AND TIME OF LATEST TRANSACTION
- control field: 20210818104643.0
008 - FIXED-LENGTH DATA ELEMENTS
- fixed length control field: 210818|| aca||aabn | a|a d
040 ## - CATALOGING SOURCE
- Original cataloging agency: OSt
- Transcribing agency: OSt
150 ## - HEADING--TOPICAL TERM
- Topical term or geographic name entry element: Financial inclusion, Pradhan Mantri Jan Dhan Yojana, Financial product, Financial literacy, Savings account, Informal institutions.
670 ## - SOURCE DATA FOUND
- Source citation: Work cat.: (OSt): Dutta, Swati Mehta, Balwant Singh 26912, Banking the unbanked: The performance and impact of Pradhan Mantri Jan Dhan Yojana (PMJDY) schemes on poor households in Bihar
